Criterion-Referenced Measurement: an introduction

Tallennettuna:
Bibliografiset tiedot
Päätekijä: Popham, W. James (Tekijä)
Aineistotyyppi: Kirja
Kieli:englanti
Julkaistu: Englewood Cliffs Educational Technology Publications 1971
Aiheet:
Tagit: Lisää tagi
Ei tageja, Lisää ensimmäinen tagi!

MARC

LEADER 00000nam a2200000 a 4500
001 UCU1575
003 CL-VaPUC
008 960409e19710000US |||||||||||||||||eng|d
082 0 4 |a 371.26  |b POP  |2 21 
100 0 |a Popham, W. James  |e author  |9 357218 
245 1 0 |a Criterion-Referenced Measurement: an introduction 
300 |a 108 p 
942 |c BK 
945 |d 19960409 00:00:00  |a lriquelm 
260 |a Englewood Cliffs  |b Educational Technology Publications  |c 1971 
650 0 |a Evaluación de la educación   |9 237505 
650 7 |a MEDICION EDUCACIONAL  |2 CL-VaPUC  |9 343534 
650 7 |a TESTS  |2 CL-VaPUC  |9 309359 
650 0 |a Investigación educacional   |9 261192 
583 |a last modification  |c 20130415 09:53:16  |k Rodrigo Vera 
999 |c 246137  |d 246135 
952 |0 0  |1 0  |4 0  |6 371_260000000000000_POP_1971  |7 0  |8 P  |9 260885  |a BIBEDU  |b BIBEDU  |c BIBEDU_PB  |d 2019-11-19  |i 2013207  |o 371.26 POP 1971  |p 2013207  |r 2024-01-25  |w 2019-11-19  |y BK  |k EDU